01616cam a22003134a 45000010009000000050017000090080041000260100017000670200015000840400018000990420008001170430012001250820016001371000035001532450164001882500011003522600123003633000035004864900085005215040054006065050247006606500033009076510070009406510076010106510060010866510065011467000035012118300056012461287648920220326193307.0020730s2001 cr ab b 000 0 spa  a 2002433200 a9977676488 aDLCcDLCdDLC apcc anwpr---00a307.86bQ5e1 aQuesada Avendaño, Florencia.10aEn el barrio Amón :barquitectura, familia y sociabilidad del primer residencial de la elite urbana de San José, 1900-1935 /cFlorencia Quesada Avendaño. a1. ed. aSan José :bEditorial de la Universidad de Costa Rica :bComisión Nacional de Conmemoraciones Históricas,c2001. a294 p. :bill., maps ;c21 cm.1 aColección Nueva historia / Comisión Nacional de Conmemoraciones Históricas aIncludes bibliographical references (p. 285-294). tCapitulo 1: San jose en los albores del siglo XXtCapitulo 2: Los Habitantes de Barrio Amón tCapitulo 3: Exteriores e interiores tCapitulo 4: vida cotidiana y sociabilidad burguesa tCapitulo 5: Los de amón y la cultura urbana josefina  aSociologia urbana xHistoria 0aAmón (San José, Costa Rica)xSocial conditionsy20th century. 0aAmón (San José, Costa Rica)xSocial life and customsy20th century. 0aAmón (San José, Costa Rica)xHistoryy20th century. 0aAmón (San José, Costa Rica)xBuildings, structures, etc. aQuesada Avendaño, Florencia. 0aColección Nueva historia (San José, Costa Rica)